|
|
|
|
| LEADER |
02442nam a2200469 4500 |
| 001 |
ocn747545846 |
| 003 |
OCoLC |
| 005 |
20170124071047.4 |
| 006 |
m o d |
| 007 |
cr cn||||||||| |
| 008 |
110823s2010 enk o 001 0 eng d |
| 040 |
|
|
|a DG1
|b eng
|c DG1
|d OCLCQ
|d OCLCF
|d OCLCA
|d OCLCQ
|d DEBBG
|d GrThAP
|
| 020 |
|
|
|a 9780470975800
|q (electronic bk.)
|
| 020 |
|
|
|a 0470975806
|q (electronic bk.)
|
| 029 |
1 |
|
|a AU@
|b 000048026894
|
| 029 |
1 |
|
|a CHBIS
|b 007307065
|
| 029 |
1 |
|
|a CHVBK
|b 182603261
|
| 029 |
1 |
|
|a GBVCP
|b 78669484X
|
| 029 |
1 |
|
|a NZ1
|b 15915796
|
| 029 |
1 |
|
|a DEBBG
|b BV043393468
|
| 035 |
|
|
|a (OCoLC)747545846
|
| 037 |
|
|
|a 10.1002/9780470975800
|b Wiley InterScience
|n http://www3.interscience.wiley.com
|
| 050 |
|
4 |
|a QD502.5
|b .O74 2010
|
| 082 |
0 |
4 |
|a 547.139
|2 22
|
| 049 |
|
|
|a MAIN
|
| 245 |
0 |
0 |
|a Organic reaction mechanisms 2007 /
|c edited by Chris Knipe.
|
| 264 |
|
1 |
|a Oxford :
|b Wiley-Blackwell,
|c 2010.
|
| 300 |
|
|
|a 1 online resource (ix, 540 pages).
|
| 336 |
|
|
|a text
|b txt
|2 rdacontent
|
| 337 |
|
|
|a computer
|b c
|2 rdamedia
|
| 338 |
|
|
|a online resource
|b cr
|2 rdacarrier
|
| 490 |
0 |
|
|a Organic reaction mechanisms series
|
| 505 |
0 |
|
|a Front Matter -- Reactions of Aldehydes and Ketones and their Derivatives / A C Knipe -- Reactions of Carboxylic, Phosphoric, and Sulfonic Acids and their Derivatives / C T Bedford -- Oxidation and Reduction / R N Mehrotra -- Carbenes and Nitrenes / E Gras -- Nucleophilic Aromatic Substitution / M R Crampton -- Electrophilic Aromatic Substitution / R G Coombes -- Carbocations / R A McClelland -- Nucleophilic Aliphatic Substitution / K C Westaway -- Carbanions and Electrophilic Aliphatic Substitution / M L Birsa -- Elimination Reactions / M L Birsa -- Addition Reactions: Polar Addition / P Kocovsk̕ -- Addition Reactions: Cycloaddition / N Dennis -- Molecular Rearrangements: Part 1. Pericyclic Reactions / S K Armstrong -- Molecular Rearrangements: Part 2. Other Reactions / J M Coxon.
|
| 500 |
|
|
|a Includes index.
|
| 650 |
|
0 |
|a Organic reaction mechanisms.
|
| 650 |
|
7 |
|a Organic reaction mechanisms.
|2 fast
|0 (OCoLC)fst01047722
|
| 655 |
|
4 |
|a Electronic books.
|
| 700 |
1 |
|
|a Knipe, Chris.
|
| 710 |
2 |
|
|a Wiley InterScience (Online service)
|
| 776 |
0 |
8 |
|i Print version:
|t Organic reaction mechanisms 2007.
|d Oxford : Wiley-Blackwell, 2010
|z 9780470712382
|w (OCoLC)645673784
|
| 856 |
4 |
0 |
|u https://doi.org/10.1002/9780470975800
|z Full Text via HEAL-Link
|
| 994 |
|
|
|a 92
|b DG1
|